000
00265nam a22001217a 4500
020
_a
0-04-304009-8
082
_a
153.2 RUS'U
100
_a
RUSSELL, BERTRAND
_9
37020
245
_a
UNPOPULAR ESSAYS
260
_a
LONDON
_b
UNWIN
_c
1994
300
_a
190P
942
_c
BK
999
_c
575071
_d
575071